Statistics for Top 10 Sunniest European Countries

Click here to take the quiz!

General Stats

  • This quiz has been taken 45 times
  • The average score is 8 of 10

Answer Stats

%Country% Correct
52.4Italy
100%
46.6Spain
100%
38.9Greece
98%
44.8Portugal
95%
53.4Albania
84%
49.9Monaco
77%
56.9Andorra
72%
57.4San Marino
72%
56.9Bulgaria
67%
55.1North Macedonia
65%

Score Distribution

Percentile by Number Answered

Percent of People with Each Score

Your Score History

You have not taken this quiz